书目信息 |
| 题名: |
21世纪的休闲与休闲服务
|
|
| 作者: | 戈比 著 | |
| 分册: | ||
| 出版信息: | 昆明 云南人民出版社 2000.08 |
|
| 页数: | 269页 | |
| 开本: | 32开 | |
| 丛书名: | ||
| 单 册: | ||
| 中图分类: | C913.3 | |
| 科图分类: | ||
| 主题词: | 社会生活 , 社会问题 | |
| 电子资源: | ||
| ISBN: | 7-222-02555-3 | |
| 000 | 00619nam0 2200205 45 | |
| 001 | 0104171178 | |
| 005 | 20010417112734.3 | |
| 010 | @a7-222-02555-3@d18.50元 | |
| 100 | @a20010417d2000 km y0chiy0120 ea | |
| 101 | 0 | @achi |
| 105 | @a z 000yy | |
| 200 | 1 | @a21世纪的休闲与休闲服务@A21 Shi Ji De Xiu Xian Yu Xiu Xian Fu Wu@f(美)戈比著;张春波等译@F(Mei)Ge Bi Zhu;Zhang Chun Bo Deng Yi |
| 210 | @a昆明@c云南人民出版社@d2000.08 | |
| 215 | @a269页@d32开 | |
| 606 | 0 | @a社会生活 |
| 606 | 0 | @a社会问题 |
| 690 | @aC913.3@v3 | |
| 701 | 0 | @a戈比@4著 |
| 801 | @aCN@bPftUser@c20010417 | |
| 905 | @b339003-004@dC913.3@eG.313@f2 | |
| 21世纪的休闲与休闲服务/(美)戈比著;张春波等译.-昆明:云南人民出版社,2000.08 |
| 269页;32开 |
| ISBN 7-222-02555-3:18.50元 |
| ● |
| 相关链接 |
|
|
|
正题名:21世纪的休闲与休闲服务
索取号:C913.3/G.313
 
预约/预借
| 序号 | 登录号 | 条形码 | 馆藏地/架位号 | 状态 | 备注 |
| 1 | 339003 | 203390035 | 社科库509/422社科库 16排1列6层/ [索取号:C913.3/G.313] | 在馆 | |
| 2 | 339004 | 203390044 | 社科库509/509社科库 62排1列5层/ [索取号:C913.3/G.313] | 在馆 |